[Event "23. Copenhagen Open  (Politiken Cup)"]
[Site "Copenhagen"]
[Date "2001.07.18"]
[Round "3"]
[White "Auchenberg, Per"]
[Black "Nielsen, Borge Hjerrild"]
[Result "1/2-1/2"]
[WhiteElo "1842"]
[BlackElo "2122"]
[PlyCount "23"]
[EventDate "2001.07.16"]
[EventType "swiss"]
[EventRounds "11"]
[EventCountry "DEN"]
[SourceDate "2004.01.01"]

1. f4 Nf6 2. b3 c5 3. Bb2 Nc6 4. Nf3 g6 5. e4 Bg7 6. g3 O-O 7. Qe2 d6 8. Bg2
Qc7 9. O-O Rb8 10. a4 b6 11. Na3 a6 12. e5 1/2-1/2

[Event "23. Copenhagen Open  (Politiken Cup)"]
[Site "Copenhagen"]
[Date "2001.07.18"]
[Round "3"]
[White "Bekker Jensen, Simon"]
[Black "Rossen, Claus"]
[Result "1/2-1/2"]
[WhiteElo "2356"]
[BlackElo "2210"]
[PlyCount "39"]
[EventDate "2001.07.16"]
[EventType "swiss"]
[EventRounds "11"]
[EventCountry "DEN"]
[SourceDate "2004.01.01"]

1. d4 e6 2. c4 Bb4+ 3. Nc3 f5 4. g3 Nf6 5. Bg2 O-O 6. Qc2 c5 7. dxc5 Na6 8. Nf3
Nxc5 9. O-O d6 10. Nd2 Bd7 11. a3 Bxc3 12. Qxc3 a5 13. b4 axb4 14. axb4 Rxa1
15. Qxa1 Na6 16. Qd4 Bc6 17. Bxc6 bxc6 18. b5 Nc5 19. Ba3 e5 20. Qc3 1/2-1/2

[Event "23. Copenhagen Open  (Politiken Cup)"]
[Site "Copenhagen"]
[Date "2001.07.18"]
[Round "3"]
[White "Berg, Klaus"]
[Black "Bering, Anders"]
[Result "1-0"]
[WhiteElo "2438"]
[BlackElo "2106"]
[PlyCount "91"]
[EventDate "2001.07.16"]
[EventType "swiss"]
[EventRounds "11"]
[EventCountry "DEN"]
[SourceDate "2004.01.01"]

1. d4 Nf6 2. Bg5 b6 3. Nd2 Bb7 4. Ngf3 e6 5. e3 Be7 6. Bd3 h6 7. Bxf6 Bxf6 8.
Qe2 c5 9. c3 d6 10. O-O O-O 11. a3 Nd7 12. e4 g6 13. Qe3 Bg7 14. Rad1 Qc7 15.
h4 e5 16. dxe5 dxe5 17. h5 g5 18. Nh2 Nf6 19. Qe2 Rad8 20. g4 Rfe8 21. f3 Nd7
22. Bb5 Bc6 23. a4 Nf8 24. Bxc6 Qxc6 25. Qb5 Qc7 26. Nc4 Rxd1 27. Rxd1 Rd8 28.
Qb3 Rxd1+ 29. Qxd1 Qd7 30. Qxd7 Nxd7 31. Nf1 a6 32. Nfe3 Bf8 33. Kf1 b5 34.
axb5 axb5 35. Na3 b4 36. Nac4 bxc3 37. bxc3 f6 38. Ke2 Kf7 39. Kd3 Ke6 40. Kc2
Nb8 41. Nd5 Nc6 42. Kb3 Ne7 43. Nxe7 Bxe7 44. Ka4 Kd7 45. Kb5 Kc7 46. Ne3 1-0

[Event "23. Copenhagen Open  (Politiken Cup)"]
[Site "Copenhagen"]
[Date "2001.07.18"]
[Round "3"]
[White "Bleis, Christian"]
[Black "Hesselberg, Leif"]
[Result "1-0"]
[WhiteElo "2126"]
[BlackElo "1800"]
[PlyCount "69"]
[EventDate "2001.07.16"]
[EventType "swiss"]
[EventRounds "11"]
[EventCountry "DEN"]
[SourceDate "2004.01.01"]

1. d4 Nf6 2. Bg5 e6 3. Nf3 c5 4. c3 h6 5. Bh4 b6 6. e3 Bb7 7. Nbd2 a6 8. Bd3 d6
9. O-O Be7 10. Re1 Nbd7 11. h3 O-O 12. e4 Qc7 13. Rc1 Rac8 14. d5 e5 15. a4 Qd8
16. Qe2 Ra8 17. Bc2 g6 18. Bg3 Nh5 19. Bh2 Qe8 20. g4 Nf4 21. Bxf4 exf4 22. e5
dxe5 23. Nxe5 Bf6 24. Nxd7 Qxd7 25. Ne4 Bg7 26. c4 Rfe8 27. Qd3 Bxb2 28. Rb1
Bg7 29. Qd2 h5 30. Qxf4 hxg4 31. hxg4 Re5 32. Re3 b5 33. Nxc5 Qc7 34. Nxb7 Rae8
35. Rbe1 {time} 1-0

[Event "23. Copenhagen Open  (Politiken Cup)"]
[Site "Copenhagen"]
[Date "2001.07.18"]
[Round "3"]
[White "Christensen, Christian"]
[Black "Hovmoller, Kristian"]
[Result "0-1"]
[WhiteElo "1972"]
[BlackElo "2194"]
[PlyCount "84"]
[EventDate "2001.07.16"]
[EventType "swiss"]
[EventRounds "11"]
[EventCountry "DEN"]
[SourceDate "2004.01.01"]

1. e4 c5 2. Nc3 Nc6 3. g3 g6 4. Bg2 Bg7 5. d3 d6 6. Be3 e6 7. Qd2 Rb8 8. a4 Nd4
9. Nge2 Ne7 10. Nc1 O-O 11. Nd1 e5 12. c3 Ne6 13. c4 f5 14. Ne2 Qe8 15. O-O Bd7
16. Ndc3 Bc6 17. Nb5 a6 18. Nbc3 Nd4 19. Bxd4 exd4 20. Nd5 Nxd5 21. exd5 Bxa4
22. Rfe1 Qd7 23. Ra3 b5 24. b3 bxc4 25. bxa4 c3 26. Qc1 Rb2 27. Qa1 Rfb8 28.
Ra2 c4 29. Nf4 g5 30. dxc4 gxf4 31. Bf1 fxg3 32. hxg3 d3 33. Rxb2 cxb2 34. Qb1
d2 35. Rd1 Bc3 36. Bd3 Qxa4 37. Bxf5 Qxc4 38. Bxh7+ Kh8 39. Bd3 Qa4 40. Bc2 Qa1
41. Kg2 Qxb1 42. Bxb1 Re8 0-1

[Event "23. Copenhagen Open  (Politiken Cup)"]
[Site "Copenhagen"]
[Date "2001.07.18"]
[Round "3"]
[White "Christensen, Verner"]
[Black "Nielsen, Marianne Izaura"]
[Result "1-0"]
[WhiteElo "1797"]
[BlackElo "1371"]
[PlyCount "59"]
[EventDate "2001.07.16"]
[EventType "swiss"]
[EventRounds "11"]
[EventCountry "DEN"]
[SourceDate "2004.01.01"]

1. e4 c5 2. d4 cxd4 3. c3 dxc3 4. Nxc3 Nc6 5. Nf3 d6 6. Bc4 a6 7. O-O Nf6 8. e5
dxe5 9. Qxd8+ Nxd8 10. Nxe5 e6 11. Rd1 Be7 12. Bf4 O-O 13. Rac1 b5 14. Bf1 Nh5
15. Be3 f5 16. Ne2 Nf7 17. Nc6 Bd6 18. Bc5 Bxc5 19. Rxc5 Re8 20. g3 Nf6 21. Bg2
Nd5 22. Nf4 Kf8 23. Nxd5 exd5 24. Bxd5 Be6 25. Nd4 Bxd5 26. Rxd5 g6 27. Rd7 Kg8
28. Nc6 Ne5 29. Nxe5 Rxe5 30. Rc1 1-0

[Event "23. Copenhagen Open  (Politiken Cup)"]
[Site "Copenhagen"]
[Date "2001.07.18"]
[Round "3"]
[White "Dalsberg, Sandra de Blecourt"]
[Black "Spanton, Timothy"]
[Result "1-0"]
[WhiteElo "2055"]
[BlackElo "2051"]
[PlyCount "27"]
[EventDate "2001.07.16"]
[EventType "swiss"]
[EventRounds "11"]
[EventCountry "DEN"]
[SourceDate "2004.01.01"]

1. d4 d5 2. c4 e6 3. Nc3 Be7 4. cxd5 exd5 5. Bf4 c6 6. e3 Bf5 7. g4 Bg6 8. h4
Bxh4 9. Qb3 b6 {#} 10. Rxh4 Qxh4 11. Nxd5 Na6 12. Bxa6 cxd5 13. Qxd5 Rd8 14.
Qe5+ 1-0

[Event "23. Copenhagen Open  (Politiken Cup)"]
[Site "Copenhagen"]
[Date "2001.07.18"]
[Round "3"]
[White "Edvardsson, Hannu Kalervo"]
[Black "Fant, Goran"]
[Result "0-1"]
[WhiteElo "1300"]
[BlackElo "2043"]
[PlyCount "82"]
[EventDate "2001.07.16"]
[EventType "swiss"]
[EventRounds "11"]
[EventCountry "DEN"]
[SourceDate "2004.01.01"]

1. e4 e6 2. c4 d5 3. d3 dxe4 4. dxe4 Qxd1+ 5. Kxd1 Nf6 6. Nc3 Bb4 7. f3 Bxc3 8.
bxc3 c5 9. Be3 b6 10. Kc2 Nc6 11. Be2 Ba6 12. Nh3 Na5 13. e5 Nd7 14. f4 Bxc4
15. Bxc4 Nxc4 16. Rhe1 h6 17. Nf2 g5 18. g3 Ke7 19. Ne4 Nxe3+ 20. Rxe3 gxf4 21.
gxf4 Rag8 22. Rg3 Rxg3 23. hxg3 f6 24. exf6+ Nxf6 25. Nxf6 Kxf6 26. g4 Rg8 27.
Rg1 e5 28. fxe5+ Kxe5 29. Re1+ Kf6 30. Rf1+ Kg5 31. Rf7 Kxg4 32. Rxa7 h5 33.
Rh7 Rg6 34. Kb3 h4 35. Kc4 h3 36. a4 Kg3 37. a5 bxa5 38. Kxc5 Kg2 39. Kd5 h2
40. c4 h1=Q 41. Rxh1 Kxh1 0-1

[Event "23. Copenhagen Open  (Politiken Cup)"]
[Site "Copenhagen"]
[Date "2001.07.18"]
[Round "3"]
[White "Elka, Parviz"]
[Black "Pallesen, Jacob"]
[Result "0-1"]
[WhiteElo "1329"]
[BlackElo "2061"]
[PlyCount "66"]
[EventDate "2001.07.16"]
[EventType "swiss"]
[EventRounds "11"]
[EventCountry "DEN"]
[SourceDate "2004.01.01"]

1. d4 d6 2. c4 f5 3. Nc3 Nf6 4. f3 Nc6 5. e3 g6 6. Bd3 Bg7 7. Nge2 e5 8. d5 Ne7
9. Qc2 O-O 10. Bd2 Bd7 11. O-O-O c6 12. e4 cxd5 13. cxd5 Rc8 14. Kb1 fxe4 15.
fxe4 b5 16. Qb3 Ng4 17. Rde1 Nf2 18. Bc2 Nxh1 19. Rxh1 Qb6 20. Bd3 a6 21. Nd1
Kh8 22. h3 Ng8 23. Be3 Qa5 24. Bc2 Bh6 25. Rg1 Bxe3 26. Qxe3 Qc7 27. Bd3 Kg7
28. g4 Nf6 29. Nf2 Qc5 30. Qg3 Nxd5 31. exd5 Qxf2 32. Qxf2 Rxf2 33. h4 e4 0-1

[Event "23. Copenhagen Open  (Politiken Cup)"]
[Site "Copenhagen"]
[Date "2001.07.18"]
[Round "3"]
[White "Grahn, Lars"]
[Black "Adamski, Jan"]
[Result "1/2-1/2"]
[WhiteElo "2100"]
[BlackElo "2361"]
[PlyCount "30"]
[EventDate "2001.07.16"]
[EventType "swiss"]
[EventRounds "11"]
[EventCountry "DEN"]
[SourceDate "2004.01.01"]

1. d4 d5 2. c4 dxc4 3. e3 e5 4. Bxc4 exd4 5. exd4 Nf6 6. Ne2 Be7 7. O-O O-O 8.
Nbc3 Nbd7 9. h3 Nb6 10. Bb3 Nbd5 11. Nf4 Nxc3 12. bxc3 c5 13. Be3 cxd4 14. Bxd4
Bd7 15. Nd5 Nxd5 1/2-1/2

[Event "23. Copenhagen Open  (Politiken Cup)"]
[Site "Copenhagen"]
[Date "2001.07.18"]
[Round "3"]
[White "Gurevich, Mikhail"]
[Black "Tozer, Richard"]
[Result "1-0"]
[WhiteElo "2633"]
[BlackElo "2315"]
[PlyCount "75"]
[EventDate "2001.07.16"]
[EventType "swiss"]
[EventRounds "11"]
[EventCountry "DEN"]
[SourceDate "2004.01.01"]

1. d4 f5 2. c4 Nf6 3. Nf3 g6 4. g3 Bg7 5. b4 d6 6. Bb2 O-O 7. Bg2 c6 8. O-O Na6
9. a3 Nc7 10. Nbd2 Kh8 11. Ne1 Be6 12. Qc2 Bg8 13. Nd3 Ne6 14. e3 Qe8 15. Rac1
Rc8 16. Nb3 g5 17. Na5 Rc7 18. Qe2 Qg6 19. b5 Ne4 20. bxc6 bxc6 21. Nb4 Nd8 22.
f3 Nf6 23. c5 d5 24. Nd3 Nd7 25. Bc3 Nb7 26. Nb3 Rb8 27. Rb1 Nd8 28. Nd2 Rcb7
29. Rb4 Ne6 30. Nb3 f4 31. Rd1 fxe3 32. Qxe3 Nc7 33. Na5 Rxb4 34. Nxb4 Rb5 35.
Naxc6 e6 36. a4 Rb7 37. Ne7 Qf6 38. Nxg8 1-0

[Event "23. Copenhagen Open  (Politiken Cup)"]
[Site "Copenhagen"]
[Date "2001.07.18"]
[Round "3"]
[White "Hagen, Andreas Skytte"]
[Black "Rosenberg, Jan"]
[Result "1-0"]
[WhiteElo "2113"]
[BlackElo "1785"]
[PlyCount "53"]
[EventDate "2001.07.16"]
[EventType "swiss"]
[EventRounds "11"]
[EventCountry "DEN"]
[SourceDate "2004.01.01"]

1. c4 Nf6 2. g3 c5 3. Bg2 d5 4. cxd5 Nxd5 5. Nc3 Nc7 6. Nf3 Nc6 7. O-O e5 8.
Ne1 Bd7 9. Nd3 f6 10. b3 Rb8 11. f4 exf4 12. Nxf4 Bg4 13. Bb2 Nd4 14. h3 Be6
15. e3 Nc6 16. Nxe6 Nxe6 17. Nd5 Qd6 18. Qh5+ Kd7 19. Qf7+ Be7 20. Nxe7 Nxe7
21. d4 cxd4 22. Rfd1 d3 23. Ba3 Qxa3 24. Rxd3+ Kc7 25. Rc3+ Kd6 26. Rd1+ Ke5
27. Qxe7 1-0

[Event "23. Copenhagen Open  (Politiken Cup)"]
[Site "Copenhagen"]
[Date "2001.07.18"]
[Round "3"]
[White "Hansen, Herluf"]
[Black "Rasmussen, Casper Dahl"]
[Result "0-1"]
[WhiteElo "2044"]
[BlackElo "2281"]
[PlyCount "142"]
[EventDate "2001.07.16"]
[EventType "swiss"]
[EventRounds "11"]
[EventCountry "DEN"]
[SourceDate "2004.01.01"]

1. d4 d5 2. Nf3 Nf6 3. c4 dxc4 4. e3 e6 5. Bxc4 c5 6. O-O a6 7. dxc5 Qxd1 8.
Rxd1 Bxc5 9. b3 Nc6 10. Bb2 Ke7 11. Nbd2 b6 12. Rac1 Bb7 13. Be2 Rhd8 14. a3
Rac8 15. b4 Bd6 16. Nc4 Bc7 17. Nd4 Nxd4 18. Bxd4 Nd7 19. f3 e5 20. Bc3 b5 21.
Na5 Bxa5 22. bxa5 Ke6 23. Bb4 Rxc1 24. Rxc1 Nb8 25. Kf1 f5 26. Ke1 g5 27. Bd1
Rd7 28. Bb3+ Kf6 29. Bc3 $11 f4 30. Ke2 Nc6 31. Rd1 Rxd1 32. Bxd1 Ne7 33. e4
Bc8 34. Bb3 Be6 35. Bxe6 Kxe6 36. Bb4 Nc6 37. Kf2 Nd4 38. h3 Nc2 39. Kg1 Na1
40. Kf2 Nc2 41. Kg1 Ne3 42. Kf2 Nc4 43. Ke2 Kf6 44. Kf2 Kf7 45. Ke2 Ke6 46. Kf1
Nd6 47. Ke2 Nf7 48. Kf1 Nd8 49. Ke2 Nc6 50. Kf1 h6 51. Kf2 Nd4 52. Kf1 Nb3 53.
Ke1 Kf6 54. Ke2 Kf7 55. Kf2 Nc1 56. Kf1 Nd3 57. Kg1 Kg6 58. Kf1 Nxb4 59. axb4
Kh5 60. Ke2 Kh4 61. Kf2 h5 62. Kf1 Kg3 63. Kg1 g4 64. hxg4 hxg4 65. fxg4 Kh4
66. Kf1 Kxg4 67. Kf2 Kh4 68. Kf3 Kh5 69. Ke2 Kg5 70. Kf3 Kh4 71. Kf2 Kg4 0-1

[Event "23. Copenhagen Open  (Politiken Cup)"]
[Site "Copenhagen"]
[Date "2001.07.18"]
[Round "3"]
[White "Helin, Mikael"]
[Black "Hansen, Gunnar West"]
[Result "0-1"]
[WhiteElo "1984"]
[BlackElo "2198"]
[PlyCount "78"]
[EventDate "2001.07.16"]
[EventType "swiss"]
[EventRounds "11"]
[EventCountry "DEN"]
[SourceDate "2004.01.01"]

1. e4 g6 2. c4 Bg7 3. Nc3 c5 4. g3 b6 5. Bg2 Bb7 6. Nge2 e6 7. d3 Ne7 8. Bf4 d6
9. Qd2 Nbc6 10. Bh6 Bxh6 11. Qxh6 Ng8 12. Qd2 Nge7 13. Rd1 e5 14. Qh6 Ng8 15.
Qd2 Nf6 16. h3 Nd4 17. Nxd4 cxd4 18. Ne2 O-O 19. g4 Nd7 20. O-O Qh4 21. Ng3 Nc5
22. Ne2 f5 23. gxf5 gxf5 24. Ng3 f4 25. Nf5 Qf6 26. Kh2 Kh8 27. Qe2 Rg8 28. Rg1
Rg6 29. Qh5 Rg5 30. Qe2 Rag8 31. Bf3 Nd7 32. Qc2 {#} Rxf5 33. Rxg8+ Kxg8 34.
Bg4 Rg5 35. Bxd7 f3 36. Bf5 Rg2+ 37. Kh1 Qg5 38. Bg4 Qf4 39. Qd2 Qh2# 0-1

[Event "23. Copenhagen Open  (Politiken Cup)"]
[Site "Copenhagen"]
[Date "2001.07.18"]
[Round "3"]
[White "Helledie, Anders"]
[Black "Gorecki, Zbigniew"]
[Result "1-0"]
[WhiteElo "2221"]
[BlackElo "2000"]
[PlyCount "83"]
[EventDate "2001.07.16"]
[EventType "swiss"]
[EventRounds "11"]
[EventCountry "DEN"]
[SourceDate "2004.01.01"]

1. e4 c5 2. Nc3 Nc6 3. g3 g6 4. Bg2 Bg7 5. d3 e6 6. Be3 d6 7. Qd2 Nge7 8. Bh6
O-O 9. h4 f6 10. Bxg7 Kxg7 11. f4 h5 12. Nf3 a6 13. Bh3 f5 14. d4 b5 15. dxc5
dxc5 16. Qe3 Nd4 17. O-O-O Nec6 18. Kb1 Qb6 19. exf5 exf5 20. Bg2 Ra7 21. Ne5
Nxe5 22. Qxe5+ Kf7 23. Rhe1 Rd8 24. Bd5+ Be6 25. Rxd4 Rd6 26. Rdd1 Re7 27. Qe3
b4 28. Na4 Qd8 29. Bxe6+ Rexe6 30. Qg1 c4 31. b3 cxb3 32. axb3 Rxe1 33. Rxe1
Rd2 34. Nb2 Qa8 35. Qe3 Qd8 36. Nd3 Rg2 37. Qf3 Rh2 38. Ne5+ Kg8 39. Rd1 Qc8
40. Qd5+ Kh8 41. Qd8+ Qxd8 42. Rxd8+ 1-0

[Event "23. Copenhagen Open  (Politiken Cup)"]
[Site "Copenhagen"]
[Date "2001.07.18"]
[Round "3"]
[White "Hoi, Carsten"]
[Black "Kongsted, Halfdan Christian"]
[Result "1-0"]
[WhiteElo "2407"]
[BlackElo "2232"]
[PlyCount "117"]
[EventDate "2001.07.16"]
[EventType "swiss"]
[EventRounds "11"]
[EventCountry "DEN"]
[SourceDate "2004.01.01"]

1. d4 d5 2. Nf3 Nc6 3. Bf4 Bg4 4. e3 e6 5. Nbd2 Bd6 6. c3 Nge7 7. Bd3 Bf5 8.
Qc2 Bxd3 9. Qxd3 h6 10. O-O Ng6 11. Bg3 O-O 12. c4 Bxg3 13. hxg3 Nce7 14. cxd5
exd5 15. b4 Qd7 16. Rfc1 Rfc8 17. Rc2 a6 18. Rac1 Qd6 19. Qc3 Nc6 20. a3 Nd8
21. Qd3 Ne6 22. Nb3 Kf8 23. Nc5 Nxc5 24. bxc5 Qc6 25. Qf5 Rab8 26. g4 Qe6 27.
Qxe6 fxe6 28. Rb1 c6 29. Rcb2 Rc7 30. Rb6 Ke7 31. Rxa6 Kf6 32. Ra7 e5 33. Nxe5
Nxe5 34. dxe5+ Kxe5 35. Rb4 Rd8 36. f4+ Ke6 37. Kf2 Rdd7 38. a4 Rf7 39. g3 Rfd7
40. Ke2 Rf7 41. Kd3 Rfe7 42. Ra8 Kf7 43. Rb8 Red7 44. a5 Re7 45. Rb6 Red7 46.
Ra8 Re7 47. Ra7 Kf6 48. a6 bxa6 49. Raxa6 Re6 50. f5 Re4 51. Rxc6+ Rxc6 52.
Rxc6+ Kf7 53. Rd6 Rxg4 54. Rxd5 Rxg3 55. c6 Rg1 56. Rc5 Rd1+ 57. Ke4 Rd8 58. c7
Rc8 59. Kd5 1-0

[Event "23. Copenhagen Open  (Politiken Cup)"]
[Site "Copenhagen"]
[Date "2001.07.18"]
[Round "3"]
[White "Hoeg, Claus"]
[Black "Thomsen, Heinrich Kirch"]
[Result "1-0"]
[WhiteElo "1785"]
[BlackElo "1361"]
[PlyCount "57"]
[EventDate "2001.07.16"]
[EventType "swiss"]
[EventRounds "11"]
[EventCountry "DEN"]
[SourceDate "2004.01.01"]

1. d4 Nf6 2. c4 g6 3. Nc3 Bg7 4. e4 d6 5. f4 O-O 6. Be2 c5 7. d5 e6 8. Nf3 Re8
9. O-O exd5 10. cxd5 Nxe4 11. Nxe4 Rxe4 12. Bd3 Re8 13. f5 Nd7 14. Ng5 Nf6 15.
Qf3 h6 16. fxg6 hxg5 17. gxf7+ Kxf7 18. Qh5+ Ke7 19. Qg6 Rg8 20. Bxg5 Qf8 21.
Rae1+ Kd8 22. Bxf6+ Bxf6 23. Qxf6+ Qxf6 24. Rxf6 Bh3 25. g3 Kc7 26. Re7+ Kb6
27. Rxd6+ Ka5 28. Rxb7 Rge8 29. Ra6# 1-0

[Event "23. Copenhagen Open  (Politiken Cup)"]
[Site "Copenhagen"]
[Date "2001.07.18"]
[Round "3"]
[White "Jensen, Henrik Sandberg"]
[Black "Li, Mike"]
[Result "1-0"]
[WhiteElo "1706"]
[BlackElo "1056"]
[PlyCount "67"]
[EventDate "2001.07.16"]
[EventType "swiss"]
[EventRounds "11"]
[EventCountry "DEN"]
[SourceDate "2004.01.01"]

1. e4 e5 2. f4 d5 3. exd5 e4 4. Nc3 Bd6 5. d3 exd3 6. Bxd3 Nf6 7. Nf3 O-O 8.
O-O c6 9. dxc6 Bc5+ 10. Kh1 Ng4 11. Ne4 Bb6 12. h3 Nh6 13. cxb7 Bxb7 14. Nd6
Bxf3 15. Rxf3 Nd7 16. Be3 Nc5 17. Bxc5 Bxc5 18. Ne4 Bb6 19. f5 f6 20. Bc4+ Kh8
21. Be6 Qe7 22. Qd6 Qxd6 23. Nxd6 Rad8 24. Rd1 g6 25. g4 Kg7 26. Rfd3 Ng8 27.
Nc4 Rxd3 28. Rxd3 Kh6 29. Nxb6 axb6 30. Bxg8 Rxg8 31. Rd6 Kg5 32. Kg2 Re8 33.
Kf3 Rb8 34. Kg3 1-0

[Event "23. Copenhagen Open  (Politiken Cup)"]
[Site "Copenhagen"]
[Date "2001.07.18"]
[Round "3"]
[White "Johansson, Thomas"]
[Black "Jakobsen, Ole"]
[Result "1/2-1/2"]
[WhiteElo "2250"]
[BlackElo "2398"]
[PlyCount "85"]
[EventDate "2001.07.16"]
[EventType "swiss"]
[EventRounds "11"]
[EventCountry "DEN"]
[SourceDate "2004.01.01"]

1. c4 e5 2. g3 c6 3. d4 Bb4+ 4. Bd2 Bxd2+ 5. Qxd2 d6 6. e3 Nf6 7. Bg2 Qe7 8.
Ne2 O-O 9. Nbc3 Na6 10. h3 Nc7 11. d5 cxd5 12. cxd5 Bd7 13. O-O a5 14. g4 b5
15. Ng3 b4 16. Nce2 Na6 17. Rae1 Nc5 18. f4 h6 19. e4 exf4 20. Rxf4 Rae8 21.
Ref1 Nh7 22. Nd4 g6 23. Nb3 Bb5 24. Rd1 Nd3 25. Rff1 Qh4 26. Nd4 Ba6 {#} 27.
Ngf5 gxf5 28. Nxf5 Qg5 29. Nxh6+ Kg7 30. Nf5+ Kg8 31. Nxd6 Qxd2 32. Rxd2 Rd8
33. Nf5 Ne5 34. Rc1 Ng5 35. Nd4 Rc8 36. Rxc8 Rxc8 37. Kh2 f6 38. Kg3 Bd3 39.
Kf4 Rc4 40. Ke3 Bb1 41. Kf4 Ng6+ 42. Ke3 Ne5 43. Kf4 1/2-1/2

[Event "23. Copenhagen Open  (Politiken Cup)"]
[Site "Copenhagen"]
[Date "2001.07.18"]
[Round "3"]
[White "Jorgensen, Brian"]
[Black "Auchenberg, Einar"]
[Result "1-0"]
[WhiteElo "2265"]
[BlackElo "1614"]
[PlyCount "73"]
[EventDate "2001.07.16"]
[EventType "swiss"]
[EventRounds "11"]
[EventCountry "DEN"]
[SourceDate "2004.01.01"]

1. e4 e5 2. Nf3 Nc6 3. Bb5 a6 4. Ba4 Nge7 5. O-O g6 6. c3 Bg7 7. Re1 b5 8. Bb3
O-O 9. d3 d6 10. Nbd2 Be6 11. Bc2 f5 12. Ng5 Qd7 13. Nxe6 Qxe6 14. Bb3 d5 15.
exd5 Nxd5 16. c4 bxc4 17. dxc4 Nf4 18. c5 Nd5 19. Nf1 Rad8 20. Bg5 Rd7 21. Ne3
Nd4 22. Nxd5 Rxd5 23. Qxd4 Rxd4 24. Bxe6+ Kh8 25. Rad1 h6 26. Be7 Re8 27. Rxd4
exd4 28. Bf7 Rb8 29. b3 g5 30. Bg6 d3 31. Rd1 Rb4 32. Bxf5 Rf4 33. g4 Bd4 34.
Rxd3 Bxf2+ 35. Kg2 Kg7 36. Rd7 Bd4 37. Bd6+ 1-0

[Event "23. Copenhagen Open  (Politiken Cup)"]
[Site "Copenhagen"]
[Date "2001.07.18"]
[Round "3"]
[White "Jorgensen, Mikkel"]
[Black "Paaske, Asger"]
[Result "0-1"]
[WhiteElo "1610"]
[BlackElo "2062"]
[PlyCount "90"]
[EventDate "2001.07.16"]
[EventType "swiss"]
[EventRounds "11"]
[EventCountry "DEN"]
[SourceDate "2004.01.01"]

1. d4 Nf6 2. f3 d5 3. e4 dxe4 4. Nc3 c5 5. d5 Qa5 6. Bd2 e3 7. Bxe3 g6 8. Bc4
Bd7 9. Bd2 Qb6 10. Nge2 Bg7 11. Nf4 O-O 12. O-O Ne8 13. Re1 Nd6 14. Bf1 Nf5 15.
Kh1 Re8 16. Rb1 Na6 17. Ne4 Rad8 18. Bc3 Nd4 19. Bxa6 bxa6 20. Ne2 Bb5 21. Nf4
Bc4 22. Qd2 Bh6 23. Ba5 Bxf4 24. Bxb6 Bxd2 25. Nxd2 axb6 26. Nxc4 Nxc2 27. Rec1
Nb4 28. Nxb6 Rd6 29. Na4 Nd3 30. Rc3 Rxd5 31. Kg1 e5 32. Rd1 Red8 33. Nb6 Rd4
34. Nc4 Nxb2 35. Nxb2 Rxd1+ 36. Nxd1 Rxd1+ 37. Kf2 Rd2+ 38. Kg3 Rxa2 39. Rxc5
f6 40. Rc7 a5 41. Ra7 a4 42. h4 a3 43. Kh3 Ra1 44. Kg3 a2 45. Kf2 f5 0-1

[Event "23. Copenhagen Open  (Politiken Cup)"]
[Site "Copenhagen"]
[Date "2001.07.18"]
[Round "3"]
[White "Kaaber Hansen, Jacob"]
[Black "Aird, Ian"]
[Result "1-0"]
[WhiteElo "1846"]
[BlackElo "2136"]
[PlyCount "61"]
[EventDate "2001.07.16"]
[EventType "swiss"]
[EventRounds "11"]
[EventCountry "DEN"]
[SourceDate "2004.01.01"]

1. e4 c6 2. d4 d5 3. e5 c5 4. c3 Nc6 5. Be2 Bf5 6. Nf3 e6 7. O-O Nge7 8. Na3
Bg4 9. Be3 Nf5 10. Nc2 Be7 11. h3 Bxf3 12. Bxf3 O-O 13. Bg4 Nxe3 14. fxe3 Qd7
15. Qd2 f6 16. exf6 Rxf6 17. Rxf6 gxf6 18. Rf1 Kh8 19. a3 Rg8 20. Ne1 Na5 21.
Nd3 Nc4 22. Qe2 b6 23. Nf4 f5 24. Nxd5 Qxd5 25. Bf3 Qd6 26. Qxc4 Qg3 27. Qxe6
Bd6 28. Qf6+ Rg7 29. Qd8+ Rg8 30. Qf6+ Rg7 31. Qxf5 1-0

[Event "23. Copenhagen Open  (Politiken Cup)"]
[Site "Copenhagen"]
[Date "2001.07.18"]
[Round "3"]
[White "Kleinschroth, Roland"]
[Black "Hansen, Ib Lynaes"]
[Result "1-0"]
[WhiteElo "2160"]
[BlackElo "1866"]
[PlyCount "41"]
[EventDate "2001.07.16"]
[EventType "swiss"]
[EventRounds "11"]
[EventCountry "DEN"]
[SourceDate "2004.01.01"]

1. e4 e5 2. f4 exf4 3. Nf3 d6 4. d4 g5 5. Bc4 Bh6 6. h4 g4 7. Ng5 Bxg5 8. hxg5
Qxg5 9. O-O Nf6 10. Bxf4 Qg6 11. e5 Ne4 12. exd6 cxd6 13. Nd2 O-O 14. Nxe4 Qxe4
15. Qd2 Be6 16. Rae1 Qg6 17. Bd3 f5 18. Bxd6 Rd8 19. Rxe6 Qxe6 20. Qg5+ Kf7 21.
Rxf5+ 1-0

[Event "23. Copenhagen Open  (Politiken Cup)"]
[Site "Copenhagen"]
[Date "2001.07.18"]
[Round "3"]
[White "Lardot, Derik"]
[Black "Jorgensen, Michael"]
[Result "1/2-1/2"]
[WhiteElo "2023"]
[BlackElo "2290"]
[PlyCount "102"]
[EventDate "2001.07.16"]
[EventType "swiss"]
[EventRounds "11"]
[EventCountry "DEN"]
[SourceDate "2004.01.01"]

1. e4 e6 2. Qe2 c5 3. g3 Nc6 4. c3 g6 5. Bg2 Bg7 6. f4 Nge7 7. Nf3 d6 8. d3 O-O
9. Be3 Rb8 10. O-O b5 11. e5 c4 12. exd6 Qxd6 13. d4 Nd5 14. Nbd2 Qc7 15. Ne5
Nce7 16. Ne4 Nf5 17. Bd2 Nd6 18. Nc5 Re8 19. a4 bxa4 20. Rfb1 Nb6 21. Nxa4 Nd7
22. Nxd7 Bxd7 23. Nc5 Rb6 24. Na6 Qc8 25. Nc5 Qc7 26. Na6 Qd8 27. Nc5 Bb5 28.
Rxa7 Bxd4+ 29. cxd4 c3 30. Qd1 cxd2 31. Qxd2 Bc6 32. Bxc6 Rxc6 33. Nd3 Nc8 34.
Rb7 Rd6 35. Ne5 Rxd4 36. Qc3 Rd1+ 37. Rxd1 Qxd1+ 38. Kf2 Nd6 39. Qc6 Rc8 40.
Rc7 Ne4+ 41. Ke3 Rxc7 42. Qxc7 Nd6 43. Qc3 Qg1+ 44. Ke2 Qxh2+ 45. Kd1 Qg1+ 46.
Kc2 Nb5 47. Qc8+ Kg7 48. Qd7 Qc5+ 49. Kb1 Qg1+ 50. Kc2 Qc5+ 51. Kb1 Qg1+
1/2-1/2

[Event "23. Copenhagen Open  (Politiken Cup)"]
[Site "Copenhagen"]
[Date "2001.07.18"]
[Round "3"]
[White "Larsen, Karsten"]
[Black "Rustemov, Alexander"]
[Result "0-1"]
[WhiteElo "2300"]
[BlackElo "2607"]
[PlyCount "76"]
[EventDate "2001.07.16"]
[EventType "swiss"]
[EventRounds "11"]
[EventCountry "DEN"]
[SourceDate "2004.01.01"]

1. e4 e6 2. d4 d5 3. Nc3 Bb4 4. e5 b6 5. a3 Bf8 6. f4 Ne7 7. Nf3 Qd7 8. Be3 h5
9. Bf2 Ba6 10. Bxa6 Nxa6 11. Qd3 Nb8 12. O-O-O Nbc6 13. h3 Ng6 14. Ng5 Nxf4 15.
Qf3 Ng6 16. Rhf1 Nd8 17. Bg3 h4 18. Bh2 c6 19. Rd2 Be7 20. Nxf7 O-O 21. Qh5
Rxf7 22. Rxf7 Nxf7 23. Qxg6 Bg5 24. Ne2 Bxd2+ 25. Kxd2 Qe7 26. Bf4 Rf8 27. Be3
Nh8 28. Qg4 Rf5 29. Ng1 Qf7 30. Qxh4 Ng6 31. Qd8+ Kh7 32. Nf3 Rxf3 33. gxf3
Qxf3 34. c3 Qg2+ 35. Kc1 Qxh3 36. Bd2 Nh4 37. Qe8 Nf3 38. Qf7 Qf1+ 0-1